000 01118nam a22003137a 4500
001 7715
003 FISKH
005 20250801091307.0
008 250801b cb ||||| |||| 00| 0 eng d
020 _a9780439077767
040 _aFISKH
_beng
_cFISKH
_dFISKH
050 _aPZ8.S573 C
082 _a398.2
100 _aSierra, Judy
245 _aCounting crocodiles /
_cby Judy Sierra : Illustrated by Will Hillenbrand
250 _aFirst Scholastic printing, September 1998
260 _aNew York :
_bScholastic ,
_c1997.
300 _a40 unnumbered pages :
_bcolor illustrations ;
_c23 x 28 cm .
505 _aJ
520 _aIn this rhymed retelling of a traditional Asian tale, a clever monkey uses her ability to count to outwit the hungry crocodiles that stand between her and a banana tree on another island across the sea.
521 8 _a500
_bLexile estimate
521 8 _aJ
_bRaz-Plus
650 _aMonkeys
_vFiction
650 _aCrocodiles
_vFiction
650 _aCounting
_vFiction
700 _aHillenbrand, Will
_eIllustrator
942 _2ddc
_cBK
_n0
999 _c7715
_d7715